000 00316nam a2200133Ia 4500
005 20260328104310.0
008 260328s9999||||xx |||||||||||||| ||und||
100 _aKéré, Francis
245 0 _aRadically simple /
_cFrancis Kéré
260 _bHatje Cantz
300 _a207 p.
650 _aESCUELAS
942 _cBK
999 _c10938
_d10938